| 000 | 01117cam a22002174a 4500 | ||
|---|---|---|---|
| 005 | 20250605164252.0 | ||
| 008 | 250528s ||||||||||||||||||||||||d | ||
| 035 | _a21798 | ||
| 020 | _a9789604060887 | ||
| 040 |
_aGR-AtMCL _bgre _dGR-AtMCL _eAACR2 |
||
| 245 | 1 | _aΚΟΙΝΩΝΙΟΛΟΓΙΑ ΤΗΣ ΕΚΠΑΙΔΕΥΣΗΣ | |
| 250 | _a5 | ||
| 260 |
_bΕλληνικά Γράμματα, _c2002 |
||
| 300 | _a683 | ||
| 505 | 0 | _aΕΞΕΛΙΚΤΙΚΑ ΣΤΑΔΙΑ STEIN ROKKAN ΔΟΜΕΣ ΕΚΠΑΙΔΕΥΤΙΚΟΥ ΣΥΣΤΗΜΑΤΟΣ ΚΟΙΝΩΝΙΚΟΣ ΡΟΛΟΣ ΕΚΠΑΙΔΕΥΤΙΚΩΝ ΣΧΟΛΙΚΗ ΔΙΑΔΙΚΑΣΙΑ ΚΑΡΛ ΜΑΡΞ ΘΕΩΡΙΑ EDUARD BERNSTEIN ΘΕΩΡΙΑ TALCOTT PARSONS | |
| 520 | _aΕΞΕΛΙΚΤΙΚΑ ΣΤΑΔΙΑ STEIN ROKKAN ΔΟΜΕΣ ΕΚΠΑΙΔΕΥΤΙΚΟΥ ΣΥΣΤΗΜΑΤΟΣ ΚΟΙΝΩΝΙΚΟΣ ΡΟΛΟΣ ΕΚΠΑΙΔΕΥΤΙΚΩΝ ΣΧΟΛΙΚΗ ΔΙΑΔΙΚΑΣΙΑ ΚΑΡΛ ΜΑΡΞ ΘΕΩΡΙΑ EDUARD BERNSTEIN ΘΕΩΡΙΑ TALCOTT PARSONS | ||
| 700 | 1 |
_aΚελπανιδης Μιχαλης _97709 |
|
| 942 | _cBK | ||
| 999 |
_c6857 _d6857 |
||